[Event "MVP-ch Seniors op 12th"]
[Site "Binz"]
[Date "2012.11.29"]
[Round "2"]
[White "Goertz, Hans Georg"]
[Black "Nautsch, Werner"]
[Result "0-1"]
[WhiteElo "1838"]
[BlackElo "2088"]
[PlyCount "82"]
[EventDate "2012.11.28"]
[EventType "swiss"]
[EventRounds "9"]
[EventCountry "GER"]
[SourceTitle "EXT 2014"]
[Source "ChessBase"]
[SourceDate "2013.11.20"]
[SourceVersion "1"]
[SourceVersionDate "2013.11.20"]
[SourceQuality "1"]

1. d4 d5 2. Nf3 Nf6 3. e3 Bg4 4. Be2 e6 5. 0-0 Bd6 6. Nbd2 0-0 7. c4 c6 8. b3 Nbd7 9. Bb2 Re8 10. Ne5 Bxe2 11. Qxe2 Nf8 12. c5 Bc7 13. b4 N6d7 14. Qh5 Qe7 15. f4 f6 16. Ng4 a5 17. a3 b6 18. Rfc1 b5 19. Rf1 Ra7 20. e4 dxe4 21. Nxe4 axb4 22. axb4 Rxa1 23. Bxa1 Ra8 24. Ne3 Bxf4 25. Qf3 Ng6 26. g3 Bxe3+ 27. Qxe3 e5 28. Qb3+ Qf7 29. Qxf7+ Kxf7 30. Nd6+ Ke6 31. Nb7 exd4 32. Na5 Nde5 33. Bxd4 Rd8 34. Ba1 Rd3 35. Re1 Kd5 36. Rf1 Nf3+ 37. Kg2 Nge5 38. h4 Rd2+ 39. Rf2 Ne1+ 40. Kf1 Rxf2+ 41. Kxf2 N1d3+ 0-1

[Event "MVP-ch Seniors op 12th"]
[Site "Binz"]
[Date "2012.11.28"]
[Round "1"]
[White "Nautsch, Werner"]
[Black "Engelhardt, Erhard"]
[Result "1-0"]
[WhiteElo "2088"]
[BlackElo "1680"]
[PlyCount "117"]
[EventDate "2012.11.28"]
[EventType "swiss"]
[EventRounds "9"]
[EventCountry "GER"]
[SourceTitle "EXT 2014"]
[Source "ChessBase"]
[SourceDate "2013.11.20"]
[SourceVersion "1"]
[SourceVersionDate "2013.11.20"]
[SourceQuality "1"]

1. c4 e6 2. Nf3 b6 3. g3 Bb7 4. Bg2 f5 5. 0-0 Nf6 6. Nc3 Bb4 7. Qb3 Bxc3 8. Qxc3 c5 9. d3 0-0 10. a3 Qe8 11. b4 d6 12. bxc5 dxc5 13. Bf4 Qc8 14. Bd6 Re8 15. Bf4 Nbd7 16. a4 Nf8 17. a5 Ng6 18. Bg5 Nd7 19. axb6 axb6 20. Rxa8 Bxa8 21. Ra1 Qc7 22. h4 h6 23. Bc1 Bc6 24. Bb2 Re7 25. h5 Ngf8 26. Ne5 Bxg2 27. Kxg2 Nf6 28. Rh1 Qb7+ 29. f3 N8d7 30. Ng6 Re8 31. e4 fxe4 32. dxe4 e5 33. g4 Kh7 34. Qd3 Qc7 35. Rd1 Re6 36. Rd2 Kg8 37. Nh4 Re7 38. Ng6 Re8 39. Qd6 Qxd6 40. Rxd6 Kf7 41. Kf2 Re6 42. Rd1 Re8 43. Ra1 Ke6 44. Ke3 Rc8 45. Nh4 Rb8 46. Ra6 Kf7 47. Nf5 Kf8 48. Bc3 Re8 49. Kd3 Rd8 50. Ke2 Re8 51. Ne3 Re6 52. Bb2 Rd6 53. Ra7 Re6 54. Rb7 Ke8 55. Nf5 Kf8 56. Bc1 Rc6 57. g5 hxg5 58. Bxg5 Kf7 59. Bxf6 1-0

[Event "Ruhrgebiet Verbandsliga1 1112"]
[Site "Nordrheinwestfalen"]
[Date "2012.04.22"]
[Round "9.3"]
[White "Nautsch, Werner"]
[Black "Hahn, Matthias"]
[Result "1/2-1/2"]
[WhiteElo "2080"]
[BlackElo "2075"]
[PlyCount "83"]
[EventDate "2012.09.18"]
[EventType "team-tourn"]
[EventRounds "9"]
[EventCountry "GER"]
[SourceTitle "EXT 2020"]
[Source "ChessBase"]
[SourceDate "2019.10.17"]
[SourceVersion "1"]
[SourceVersionDate "2019.10.17"]
[SourceQuality "1"]
[WhiteTeam "Katernberg SF III"]
[BlackTeam "Bochum-Linden-Dahlhausen"]
[WhiteTeamCountry "GER"]
[BlackTeamCountry "GER"]

1. d4 Nf6 2. c4 e6 3. Nc3 Bb4 4. Qc2 0-0 5. Nf3 c5 6. e3 Nc6 7. Be2 cxd4 8. exd4 d5 9. a3 Be7 10. c5 b6 11. b4 bxc5 12. dxc5 Qc7 13. 0-0 e5 14. Rd1 Rd8 15. Bg5 e4 16. Nb5 Qd7 17. Nfd4 a6 18. Nxc6 Qxc6 19. Nd4 Qc7 20. g3 Ng4 21. Bf4 Ne5 22. Bxe5 Qxe5 23. Nc6 Qc7 24. Nxd8 Qxd8 25. a4 Bf6 26. Rab1 Bf5 27. c6 d4 28. Qc5 g6 29. c7 Qd7 30. b5 d3 31. Bf1 Bd4 32. Qc6 Qxc6 33. bxc6 Rc8 34. Rb8 Be5 35. Bxd3 exd3 36. Rxd3 Bxc7 37. Rxc8+ Bxc8 38. Kg2 Bf5 39. Rd4 h5 40. h3 Kf8 41. f4 Ke7 42. Kh2 1/2-1/2

[Event "NRW Class2 1112"]
[Site "Germany"]
[Date "2012.03.25"]
[Round "8.8"]
[White "Meyer, Ulrich"]
[Black "Nautsch, Werner"]
[Result "1-0"]
[WhiteElo "1979"]
[BlackElo "2080"]
[PlyCount "127"]
[EventDate "2011.09.18"]
[EventType "team-tourn"]
[EventRounds "9"]
[EventCountry "GER"]
[SourceTitle "EXT 2015"]
[Source "ChessBase"]
[SourceDate "2014.11.20"]
[SourceVersion "1"]
[SourceVersionDate "2014.11.20"]
[SourceQuality "1"]
[WhiteTeam "Sendenhorst"]
[BlackTeam "Katernberg II"]
[WhiteTeamCountry "GER"]
[BlackTeamCountry "GER"]

1. d4 g6 2. Bg5 c5 3. c3 Qb6 4. Qb3 Qxb3 5. axb3 cxd4 6. cxd4 Nc6 7. e3 e5 8. dxe5 Nxe5 9. Nc3 Bb4 10. Nf3 Nxf3+ 11. gxf3 b6 12. Bc4 Bb7 13. e4 Ne7 14. 0-0 Bxc3 15. bxc3 Nc6 16. Rfd1 Bc8 17. Bd5 0-0 18. b4 b5 19. c4 Rb8 20. Bf4 Rb6 21. Be3 Rb8 22. Bc5 Re8 23. cxb5 Rxb5 24. Bc4 Rb8 25. Bd6 Rb6 26. b5 Ne5 27. Bxe5 Rxe5 28. Rxa7 Rc5 29. Be2 Kf8 30. Raa1 Ke7 31. Rac1 Rxc1 32. Rxc1 Bb7 33. Kg2 h6 34. Kg3 Kd8 35. h4 Rd6 36. Rd1 Rb6 37. Kf4 Ke7 38. Ke5 Bc8 39. Rc1 d6+ 40. Kd4 Bd7 41. Bc4 Rb7 42. Rb1 Rb6 43. Kc3 f5 44. Kb4 Rb8 45. Ra1 fxe4 46. fxe4 g5 47. hxg5 hxg5 48. Ra7 g4 49. Ka5 Kd8 50. Be2 Kc8 51. b6 Kd8 52. Bb5 Be6 53. Bc6 Rc8 54. Ra8 Rxa8+ 55. Bxa8 Kc8 56. Kb5 Kb8 57. Bc6 Bc8 58. Kc4 Be6+ 59. Kd4 Bf7 60. Bd5 Be8 61. Ke3 Bd7 62. Kf4 Bc8 63. Kg5 Bb7 64. Kf6 1-0

[Event "Ruhrgebiet Verbandsliga1 1112"]
[Site "Nordrheinwestfalen"]
[Date "2012.03.04"]
[Round "7.3"]
[White "Nautsch, Werner"]
[Black "Arndt, Olaf"]
[Result "1-0"]
[WhiteElo "2080"]
[BlackElo "1873"]
[PlyCount "131"]
[EventDate "2012.09.18"]
[EventType "team-tourn"]
[EventRounds "9"]
[EventCountry "GER"]
[SourceTitle "EXT 2020"]
[Source "ChessBase"]
[SourceDate "2019.10.17"]
[SourceVersion "1"]
[SourceVersionDate "2019.10.17"]
[SourceQuality "1"]
[WhiteTeam "Katernberg SF III"]
[BlackTeam "Horst Emscher II"]
[WhiteTeamCountry "GER"]
[BlackTeamCountry "GER"]

1. f4 d5 2. Nf3 c5 3. e3 Nf6 4. b3 Bg4 5. Bb2 e6 6. Bb5+ Nc6 7. 0-0 Be7 8. d3 Rc8 9. Nbd2 0-0 10. Bxc6 Rxc6 11. Qe1 Bxf3 12. Nxf3 Nd7 13. e4 dxe4 14. dxe4 c4 15. Qg3 c3 16. Bc1 Nf6 17. Qe1 Bc5+ 18. Kh1 Qb6 19. Ne5 Rcc8 20. a4 Rfd8 21. Nc4 Qc6 22. e5 Ng4 23. h3 Nh6 24. Be3 Bxe3 25. Qxe3 Nf5 26. Qxc3 h5 27. Qf3 Rd4 28. Qxc6 Rxc6 29. Rad1 Ng3+ 30. Kg1 Rdxc4 31. Rd8+ Kh7 32. bxc4 Nxf1 33. Kxf1 Rxc4 34. Rd7 Rxf4+ 35. Ke2 Kg6 36. Rxb7 Rxa4 37. Kd3 Ra5 38. c4 Rxe5 39. Rxa7 f5 40. Ra2 Re1 41. Rc2 Rd1+ 42. Ke2 Rd6 43. c5 Rc6 44. Kd3 Kf6 45. Kc4 e5 46. Kd5 Rc8 47. c6 Rd8+ 48. Kc5 Ke6 49. c7 Rc8 50. Kc6 e4 51. Kb7 Rxc7+ 52. Kxc7 f4 53. Kc6 g5 54. Kc5 Ke5 55. Kc4 g4 56. hxg4 hxg4 57. Ra2 f3 58. g3 e3 59. Kd3 e2 60. Ra5+ Kf6 61. Kd2 Kg6 62. Ke1 Kf6 63. Kf2 Kg6 64. Re5 Kf6 65. Re8 Kg5 66. Rg8+ 1-0

[Event "EU-chT Seniors"]
[Site "Thessaloniki"]
[Date "2011.05.07"]
[Round "5"]
[White "Nautsch, Werner"]
[Black "Ben Zeev, Moshe"]
[Result "1-0"]
[WhiteElo "2243"]
[BlackElo "2006"]
[PlyCount "71"]
[EventDate "2011.05.03"]
[EventType "team-swiss"]
[EventRounds "9"]
[EventCountry "GRE"]
[SourceTitle "CBM 142 Extra"]
[Source "ChessBase"]
[SourceDate "2011.06.27"]
[SourceVersion "1"]
[SourceVersionDate "2011.06.27"]
[SourceQuality "1"]
[WhiteTeam "Katernberg"]
[BlackTeam "Israel II"]
[WhiteTeamCountry "GER"]
[BlackTeamCountry "ISR"]

1. f4 d5 2. Nf3 c5 3. e3 Nc6 4. Bb5 Nf6 5. 0-0 Bg4 6. b3 Qc7 7. Bb2 0-0-0 8. Bxc6 Qxc6 9. d3 e6 10. Nbd2 Bd6 11. h3 Bxf3 12. Qxf3 Rhe8 13. Bxf6 gxf6 14. Qh5 Qc7 15. Rae1 f5 16. Nf3 d4 17. Ne5 Bxe5 18. fxe5 Qxe5 19. e4 Qg7 20. exf5 e5 21. f6 Qg6 22. Rxe5 Rxe5 23. Qxe5 b6 24. a4 Rg8 25. Rf2 Qg5 26. Qe4 Kb8 27. Qxh7 Re8 28. Qf5 Re1+ 29. Kh2 Qe3 30. Qf4+ Kc8 31. h4 Kd7 32. h5 Qe8 33. h6 Re5 34. g4 Re2 35. h7 Rxf2+ 36. Qxf2 1-0

[Event "EU-chT Seniors"]
[Site "Thessaloniki"]
[Date "2011.05.03"]
[Round "1"]
[White "Nautsch, Werner"]
[Black "Muratoglu, Salih"]
[Result "0-1"]
[WhiteElo "2243"]
[BlackElo "2068"]
[PlyCount "140"]
[EventDate "2011.05.03"]
[EventType "team-swiss"]
[EventRounds "9"]
[EventCountry "GRE"]
[SourceTitle "CBM 142 Extra"]
[Source "ChessBase"]
[SourceDate "2011.06.27"]
[SourceVersion "1"]
[SourceVersionDate "2011.06.27"]
[SourceQuality "1"]
[WhiteTeam "Katernberg"]
[BlackTeam "Turkey"]
[WhiteTeamCountry "GER"]
[BlackTeamCountry "TUR"]

1. d4 Nf6 2. c4 g6 3. Nc3 Bg7 4. e4 d6 5. h3 Nc6 6. Be3 0-0 7. Qd2 e5 8. d5 Ne7 9. 0-0-0 Nxe4 10. Nxe4 f5 11. f3 fxe4 12. fxe4 c6 13. dxc6 bxc6 14. Nf3 Rf6 15. Bc5 Qf8 16. Be3 Bb7 17. Kb1 c5 18. Bd3 Nc6 19. h4 Nb4 20. a3 Nxd3 21. Qxd3 Rxf3 22. gxf3 Qxf3 23. Rhf1 Bxe4 24. Rxf3 Bxd3+ 25. Rxd3 e4 26. Bg5 exf3 27. Rxf3 Re8 28. Rb3 h6 29. Bf4 Bf8 30. Rb7 Re4 31. Bg3 Rg4 32. Bf2 a5 33. Ra7 Bg7 34. Rxa5 Rg2 35. Be3 Rxb2+ 36. Kc1 Rh2 37. Ra8+ Kf7 38. Ra7+ Kf6 39. Bd2 Bf8 40. a4 Rxh4 41. a5 Rxc4+ 42. Kb2 d5 43. Kb3 Re4 44. a6 c4+ 45. Kc2 Bc5 46. Rc7 Bg1 47. Bxh6 Re2+ 48. Kb1 Re6 49. a7 Re8 50. Bg7+ Ke6 51. Rc6+ Kd7 52. Ra6 Ra8 53. Be5 Rxa7 54. Rd6+ Ke7 55. Rxg6 Bc5 56. Bd6+ Bxd6 57. Rg7+ Ke6 58. Rxa7 d4 59. Ra5 d3 60. Ra8 Kd5 61. Rc8 Be5 62. Kc1 c3 63. Kd1 Bd4 64. Rd8+ Kc4 65. Rc8+ Bc5 66. Kc1 Kd4 67. Rd8+ Ke4 68. Re8+ Kf3 69. Rc8 Bd4 70. Rf8+ Ke2 0-1

[Event "Oberliga NRW 1011"]
[Site "Germany"]
[Date "2011.04.03"]
[Round "9.7"]
[White "Nautsch, Werner"]
[Black "Bouaraba, Max"]
[Result "1/2-1/2"]
[WhiteElo "2222"]
[BlackElo "2224"]
[PlyCount "64"]
[EventDate "2010.09.26"]
[EventType "team-tourn"]
[EventRounds "9"]
[EventCountry "GER"]
[SourceTitle "EXT 2012"]
[Source "ChessBase"]
[SourceDate "2011.11.24"]
[SourceVersion "1"]
[SourceVersionDate "2011.11.24"]
[SourceQuality "1"]
[WhiteTeam "Katernberg II"]
[BlackTeam "Wattenscheid II"]
[WhiteTeamCountry "GER"]
[BlackTeamCountry "GER"]

1. d4 Nf6 2. c4 e6 3. Nc3 Bb4 4. Qc2 c5 5. a3 Bxc3+ 6. bxc3 Nc6 7. Nf3 d6 8. Bg5 h6 9. Bd2 e5 10. d5 Na5 11. e4 0-0 12. Bd3 b6 13. 0-0 Ba6 14. Qa2 Qd7 15. Bc1 Nh5 16. Re1 Qa4 17. Nd2 Nf4 18. Bf1 Qd7 19. Nb3 Bxc4 20. Bxc4 Nxc4 21. Nxc5 Qb5 22. Bxf4 Qxc5 23. Be3 Nxe3 24. Rxe3 f5 25. Qd2 fxe4 26. Rxe4 Rf6 27. a4 Raf8 28. Rf1 Rf4 29. Rb4 e4 30. Qd4 R8f5 31. g3 Rf3 32. Qxc5 dxc5 1/2-1/2

[Event "Ruhrgebiet Verbandsliga1 1011"]
[Site "Nordrheinwestfalen"]
[Date "2011.02.06"]
[Round "6.3"]
[White "De Vreugt, Dennis"]
[Black "Nautsch, Werner"]
[Result "1/2-1/2"]
[WhiteElo "2386"]
[BlackElo "2128"]
[PlyCount "120"]
[EventDate "2011.09.12"]
[EventType "team-tourn"]
[EventRounds "9"]
[EventCountry "GER"]
[SourceTitle "EXT 2020"]
[Source "ChessBase"]
[SourceDate "2019.10.17"]
[SourceVersion "1"]
[SourceVersionDate "2019.10.17"]
[SourceQuality "1"]
[WhiteTeam "Hattingen"]
[BlackTeam "Katernberg SF III"]
[WhiteTeamCountry "GER"]
[BlackTeamCountry "GER"]

1. e4 g6 2. d4 Bg7 3. Be3 d6 4. Qd2 Nc6 5. Nc3 e6 6. 0-0-0 a6 7. d5 exd5 8. exd5 Nce7 9. h4 h5 10. Re1 Nf6 11. Bg5 0-0 12. f3 Re8 13. Nge2 Nh7 14. Bh6 Bxh6 15. Qxh6 Nf5 16. Qf4 Qe7 17. Ne4 Qe5 18. Qd2 Bd7 19. N2c3 Ng3 20. Rg1 f5 21. Bb5 axb5 22. Nc5 Qg7 23. Ne6 Bxe6 24. dxe6 b4 25. Nd1 Rxa2 26. Qxb4 Ra1+ 27. Kd2 c5 28. Qf4 Qd4+ 29. Qxd4 cxd4 30. Nf2 Rxe1 31. Rxe1 Nf8 32. e7 Nd7 33. Re6 Kf7 34. Rxd6 Rxe7 35. Nh3 Nf1+ 36. Kd3 Ne3 37. Ng5+ Kg7 38. Kxd4 Nxc2+ 39. Kc3 Ne3 40. Ne6+ Kh6 41. Nf4 Ne5 42. b3 Nxg2 43. Nxg2 Nxf3 44. Rb6 Rf7 45. Rb4 Rc7+ 46. Kd3 Ne5+ 47. Ke3 Re7 48. Rb5 g5 49. Rb6+ Kg7 50. Kf2 Nd3+ 51. Kf1 g4 52. Rd6 Nc5 53. Nf4 Nxb3 54. Nxh5+ Kf8 55. Rd8+ Kf7 56. Rd5 Rc7 57. Rxf5+ Ke6 58. Rg5 Rc4 59. Rg6+ Ke5 60. Rg5+ Kd6 1/2-1/2

[Event "Ruhrgebiet Verbandsliga1 1011"]
[Site "Nordrheinwestfalen"]
[Date "2011.01.16"]
[Round "5.3"]
[White "Nautsch, Werner"]
[Black "Schiefelbusch, Dirk"]
[Result "0-1"]
[WhiteElo "2128"]
[BlackElo "2053"]
[PlyCount "66"]
[EventDate "2011.09.12"]
[EventType "team-tourn"]
[EventRounds "9"]
[EventCountry "GER"]
[SourceTitle "EXT 2020"]
[Source "ChessBase"]
[SourceDate "2019.10.17"]
[SourceVersion "1"]
[SourceVersionDate "2019.10.17"]
[SourceQuality "1"]
[WhiteTeam "Katernberg SF III"]
[BlackTeam "Dortmund Hansa III"]
[WhiteTeamCountry "GER"]
[BlackTeamCountry "GER"]

1. d4 d5 2. c4 c6 3. Nc3 Nf6 4. Nf3 dxc4 5. a4 Bf5 6. e3 e6 7. Bxc4 Bb4 8. 0-0 Nbd7 9. Qe2 0-0 10. Rd1 a5 11. e4 Bg4 12. h3 Bh5 13. e5 Nd5 14. Ne4 Be7 15. g4 Bg6 16. Ng3 Nb4 17. Ne1 Nb6 18. Bb3 N6d5 19. Ng2 Qb6 20. h4 h6 21. f4 Rfd8 22. f5 Bh7 23. Kh2 c5 24. dxc5 Qxc5 25. Rf1 Rac8 26. Nh5 Nc2 27. Bxc2 Qxc2 28. Qf3 exf5 29. gxf5 Rc4 30. Qg3 Rxh4+ 31. Kg1 Rxh5 32. f6 Bc5+ 33. Be3 Rg5 0-1

[Event "Ruhrgebiet Verbandsliga1 1011"]
[Site "Nordrheinwestfalen"]
[Date "2010.11.14"]
[Round "3"]
[White "Koth, Stefan"]
[Black "Nautsch, Werner"]
[Result "1/2-1/2"]
[WhiteElo "2056"]
[BlackElo "2128"]
[PlyCount "66"]
[EventDate "2011.09.12"]
[EventType "team-tourn"]
[EventRounds "9"]
[EventCountry "GER"]
[SourceTitle "EXT 2020"]
[Source "ChessBase"]
[SourceDate "2019.10.17"]
[SourceVersion "1"]
[SourceVersionDate "2019.10.17"]
[SourceQuality "1"]
[WhiteTeam "Doppelbauer Brambauer"]
[BlackTeam "Katernberg SF III"]
[WhiteTeamCountry "GER"]
[BlackTeamCountry "GER"]

1. c4 g6 2. d4 Bg7 3. Nc3 d6 4. e4 Nc6 5. Be3 e5 6. d5 Nce7 7. g4 f5 8. gxf5 gxf5 9. Qh5+ Ng6 10. exf5 Qh4 11. Qxh4 Nxh4 12. Nb5 Kd8 13. Bg5+ Bf6 14. Bxh4 Bxh4 15. Nf3 Bf6 16. Bh3 Nh6 17. Nc3 Nxf5 18. Ne4 Ke7 19. Rg1 Nh4 20. Nxh4 Bxh3 21. Nxf6 Kxf6 22. Rg3 Rhg8 23. Ke2 Bg4+ 24. Ke3 Bh5 25. Rag1 Rxg3+ 26. hxg3 c6 27. g4 Bf7 28. g5+ Ke7 29. Nf5+ Kd7 30. Rh1 Bg6 31. Nh4 Bf7 32. Nf5 Bg6 33. Nh4 Bf7 1/2-1/2